000 00307nam a22001211a 4500
999 _c152858
_d152858
082 _a934.007
_bMAR/I.19
100 _aMark Wilks
245 _aIndian historical researches (v.19)/
_cby Mark Wilks.
260 _aNew Delhi:
_bCosmo,
_c1817
300 _a453p.
650 _aHistory India Ancient
942 _cBK